Riadenie invenčného a inovačného rozvoja vo väzbe na investičný proces /

Guardado en:
Detalles Bibliográficos
Autor principal: Alexy, Július (Autor)
Formato: Libro
Publicado: Bratislava : SVŠT v Bratislave, 1988
Etiquetas: Agregar Etiqueta
Sin Etiquetas, Sea el primero en etiquetar este registro!

MARC

LEADER 00000nam a22000003a 4500
001 stu15087
005 20150617225800.9
008 ------s1988----cs----------------------d
040 |a STU  |b slo 
041 0
044 |a cs 
080 |a 330.322.001.5  |7 stu_us_auth*stu5715 
100 1 |a Alexy, Július  |4 aut 
245 1 |a Riadenie invenčného a inovačného rozvoja vo väzbe na investičný proces /  |c [aut.]Alexy,Július 
260 |a Bratislava :  |b SVŠT v Bratislave,  |c 1988 
300 |a 160 s :  |b Literatúra 
996 |b CVS82  |c C*VS82  |l CCI  |s A  |a 24  |w stu15087_0001